LIBRARY ONLINE CATALOGUE

S. Chand's introduction to engineering chemistry (Record no. 17719)

MARC details
000 -LEADER
fixed length control field 00697nam a22001817a 4500
008 - FIXED-LENGTH DATA ELEMENTS--GENERAL INFORMATION
fixed length control field 190603b xxu||||| |||| 00| 0 eng d
020 ## - INTERNATIONAL STANDARD BOOK NUMBER
International Standard Book Number 8121923476
040 ## - CATALOGING SOURCE
Original cataloging agency KABU
Transcribing agency KABU
050 ## - LIBRARY OF CONGRESS CALL NUMBER
Classification number TP155
Item number .S56 2004 c. 1
100 ## - MAIN ENTRY--PERSONAL NAME
Personal name Sinha, Shradha
245 ## - TITLE STATEMENT
Title S. Chand's introduction to engineering chemistry
Remainder of title [for B.E. / B. Tech. / B. Arch. students of first and second semester of all engineering colleges of U.P. (Unified syllabus) and other states of India]
Statement of responsibility, etc. Shradha Sinha, Sudha Jain, S.S. Dara
260 ## - PUBLICATION, DISTRIBUTION, ETC. (IMPRINT)
Place of publication, distribution, etc. New Delhi
Name of publisher, distributor, etc. S. Chand & Company LTD
Date of publication, distribution, etc. 2004
300 ## - PHYSICAL DESCRIPTION
Extent 296 p.
650 ## - SUBJECT ADDED ENTRY--TOPICAL TERM
Topical term or geographic name as entry element Chemical engineering
700 ## - ADDED ENTRY--PERSONAL NAME
Personal name Jain, Sudha
700 ## - ADDED ENTRY--PERSONAL NAME
Personal name Dara, S.S.
942 ## - ADDED ENTRY ELEMENTS (KOHA)
Source of classification or shelving scheme Library of Congress Classification
Koha item type General Collection
Classification part TP155
Holdings
Withdrawn status Lost status Source of classification or shelving scheme Not for loan Home library Current library Date acquired Cost, normal purchase price Total Checkouts Full call number Barcode Date last seen Copy number Price effective from Koha item type
    Library of Congress Classification   Kabarak, Main Campus Kabarak, Main Campus 03/06/2019 1974.00   TP155 .S56 2004 c. 1 022390 03/06/2019 c. 1 03/06/2019 General Collection